Statistics for Guess the animals

Click here to take the quiz!

General Stats

  • This quiz has been taken 11 times
  • The average score is 11 of 15

Answer Stats

Answer% Correct
Eagle
100%
Elephant
100%
Hedgehog
100%
Swan
100%
Zebra
100%
Cat
88%
Leopard
88%
Penguin
88%
Raven
88%
Rooster
88%
Cub
50%
Lizard
38%
Chicks
25%
Puppy
25%
Faun
13%

Score Distribution

Percentile by Number Answered

Percent of People with Each Score

Your Score History

You have not taken this quiz